000 00717cab a2200205 4500
001 WB2541-27
008 090401t1989 xxu||||| |||| 00| 0 eng d
035 _a(Sirsi) u66800
041 _aeng
245 _aConflict of interests report
260 _c1989
350 _a0
490 _aChartered Surveyor Weekly
_vvol 29 no 3, 19/10/89 p125
520 _aThe amending of the RICS Rules of Conduct is one recommendation of a preliminary report produced by an RICS Working Party investigating conflicts of interest in estate agency .
650 _aABOUT RICS-RICS MEMBERS
650 _aRESIDENTIAL AGENCY
690 _aMANAGEMENT-BUSINESS MANAGEMENT-PROFESSIONAL PRACTICE
942 _n0
948 _c04/03/1997
999 _c41739
_d41739